[Event "26th WSCC 2016 Open 50+"]
[Site "Marianske Lazne, Czech Republic - Hotel Cristal and Continental"]
[Date "2016.11.26"]
[Round "7.69"]
[White "Privoznik, Lubos"]
[Black "Schneider, Waldemar"]
[Result "1/2-1/2"]
[WhiteElo "1652"]
[BlackElo "1818"]
[PlyCount "83"]
[EventDate "2016.11.19"]

1. e4 e5 2. Nf3 Nc6 3. Nc3 Nf6 4. Bb5 Bc5 5. Nxe5 Nxe5 6. d4 Bd6 7. dxe5 Bxe5
8. Nd5 c6 9. Nxf6+ Bxf6 10. Bd3 O-O 11. O-O d5 12. exd5 Qxd5 13. c3 Bf5 14.
Bxf5 Qxf5 15. Re1 h5 16. Re2 Rad8 17. Qe1 h4 18. h3 b6 19. Be3 Rd5 20. Rd1 Rfd8
21. Rxd5 Rxd5 22. Rd2 Ra5 23. a3 Kh7 24. Qd1 Rb5 25. Qc2 Kg6 26. Kf1 Qxc2 27.
Rxc2 Rd5 28. Rd2 Rxd2 29. Bxd2 a5 30. a4 b5 31. b3 Bg5 32. Be1 Kf5 33. Ke2 Ke4
34. f3+ Ke5 35. Kd3 Bd8 36. Bd2 g5 37. Be3 f5 38. Bd2 bxa4 39. bxa4 Kd5 40. Be3
c5 41. c4+ Kd6 42. Bf2 1/2-1/2

[Event "26th WSCC 2016 Open 50+"]
[Site "Marianske Lazne, Czech Republic - Hotel Cristal and Continental"]
[Date "2016.11.26"]
[Round "7.70"]
[White "Koblizek, Lubomir"]
[Black "Jesensky, Jaromir"]
[Result "0-1"]
[WhiteElo "1811"]
[BlackElo "1500"]
[PlyCount "68"]
[EventDate "2016.11.19"]

1. f4 d6 2. Nf3 Nf6 3. d3 Bg4 4. e4 Bxf3 5. Qxf3 c6 6. Be3 Qa5+ 7. Nc3 e5 8. f5
Qc7 9. Be2 Nbd7 10. g4 h6 11. h4 Nb6 12. g5 Nh7 13. Rf1 O-O-O 14. Qh5 Be7 15.
Bg4 Kb8 16. Qxf7 hxg5 17. Qxg7 gxh4 18. Qf7 Nf6 19. Bh3 Rh7 20. Qb3 Rg8 21. Bf2
Qd8 22. O-O-O Nh5 23. Ne2 Ng3 24. Bxg3 hxg3 25. f6 Bxf6 26. Rxf6 Rxh3 27. Ng1
Rhh8 28. Qe6 Nc8 29. Nf3 g2 30. Rg1 Rf8 31. Rxf8 Rxf8 32. Qh3 Qf6 33. Nd2 Qg5
34. Rxg2 Rf1# 0-1

[Event "26th WSCC 2016 Open 50+"]
[Site "Marianske Lazne, Czech Republic - Hotel Cristal and Continental"]
[Date "2016.11.26"]
[Round "7.71"]
[White "Rehurek, Jiri"]
[Black "Habada, Jindrich"]
[Result "0-1"]
[WhiteElo "1633"]
[BlackElo "1799"]
[PlyCount "50"]
[EventDate "2016.11.19"]

1. c4 g6 2. Nc3 c5 3. g3 Bg7 4. Bg2 Nc6 5. Nf3 d6 6. d3 e5 7. e4 Nge7 8. O-O
O-O 9. Ne1 Nd4 10. f4 f5 11. fxe5 dxe5 12. Nf3 Nec6 13. Bg5 Nxf3+ 14. Bxf3 Qxg5
15. exf5 Bxf5 16. Bd5+ Kh8 17. Ne4 Bxe4 18. dxe4 Rxf1+ 19. Qxf1 Rf8 20. Qh3
Qe3+ 21. Kh1 Qf3+ 22. Kg1 Nd4 23. Qg2 Qe3+ 24. Kh1 Rf2 25. Qh3 Qf3+ 0-1

[Event "26th WSCC 2016 Open 50+"]
[Site "Marianske Lazne, Czech Republic - Hotel Cristal and Continental"]
[Date "2016.11.26"]
[Round "7.72"]
[White "Maly, Petr"]
[Black "De Winter, Gerard"]
[Result "1/2-1/2"]
[WhiteElo "1667"]
[BlackElo "1771"]
[PlyCount "47"]
[EventDate "2016.11.19"]

1. c4 e5 2. Nc3 Nf6 3. g3 d5 4. cxd5 Nxd5 5. Bg2 c6 6. Qb3 Nxc3 7. bxc3 Bd6 8.
e3 O-O 9. Ne2 Qe7 10. O-O Be6 11. Qc2 Nd7 12. f4 Bg4 13. fxe5 Nxe5 14. Nd4 g6
15. a4 a6 16. Qb3 Rab8 17. h3 Bd7 18. Ba3 Bxa3 19. Qxa3 Qxa3 20. Rxa3 Nc4 21.
Ra2 c5 22. Nb3 Be6 23. Nxc5 Nxe3 24. Nxe6 1/2-1/2

[Event "26th WSCC 2016 Open 50+"]
[Site "Marianske Lazne, Czech Republic - Hotel Cristal and Continental"]
[Date "2016.11.26"]
[Round "7.74"]
[White "Bastyr, Pavel"]
[Black "Molnar, Ladislav"]
[Result "0-1"]
[WhiteElo "1462"]
[BlackElo "1738"]
[PlyCount "120"]
[EventDate "2016.11.19"]

1. e4 e6 2. d4 c5 3. Nf3 cxd4 4. Nxd4 Bc5 5. Be3 Qb6 6. b3 Ne7 7. c3 Nbc6 8.
Nc2 d5 9. Qg4 O-O 10. Nd2 e5 11. Qg3 d4 12. cxd4 Nxd4 13. Rc1 Nxc2+ 14. Rxc2
Bxe3 15. fxe3 Nc6 16. Be2 Be6 17. O-O f6 18. Nc4 Qc5 19. Rfc1 Nb4 20. Rb2 b5
21. a3 Na6 22. b4 Qc7 23. Rbc2 bxc4 24. Bxc4 Bxc4 25. Rxc4 Qd7 26. Rc6 Rfc8 27.
b5 Rxc6 28. Rxc6 Qd1+ 29. Kf2 Rd8 30. Qf3 Qxf3+ 31. Kxf3 Nb8 32. Rc7 a6 33. b6
Kf8 34. b7 a5 35. Rc8 Ke8 36. Rc7 Nd7 37. Rc8 Ke7 38. Kg4 g6 39. h4 h5+ 40. Kf3
Nb8 41. Rc7+ Rd7 42. Rc8 Rxb7 43. Rg8 Kf7 44. Rh8 Kg7 45. Rc8 Nd7 46. Ra8 a4
47. Rxa4 Nc5 48. Rc4 Nb3 49. Rc2 Ra7 50. Ra2 Ra4 51. g4 hxg4+ 52. Kg3 Rxe4 53.
Rb2 Rxe3+ 54. Kf2 Rf3+ 55. Kg2 e4 56. a4 e3 57. Rxb3 e2 58. Rb1 Ra3 59. a5 Rxa5
60. Kf2 Re5 0-1

[Event "26th WSCC 2016 Open 50+"]
[Site "Marianske Lazne, Czech Republic - Hotel Cristal and Continental"]
[Date "2016.11.26"]
[Round "7.75"]
[White "Muniraju, Narayanappa"]
[Black "Svec, Jan"]
[Result "1/2-1/2"]
[WhiteElo "1264"]
[BlackElo "1717"]
[PlyCount "51"]
[EventDate "2016.11.19"]

1. d4 e6 2. c4 Nf6 3. Nc3 d5 4. Bf4 Bd6 5. Bd2 b6 6. Nb5 Be7 7. Bf4 Na6 8. Nf3
O-O 9. a3 Bb7 10. e3 c6 11. Nc3 Bd6 12. Bg5 h6 13. Bh4 Be7 14. Bd3 dxc4 15.
Bxc4 c5 16. Qe2 Nc7 17. Rd1 Nfd5 18. Bxe7 Qxe7 19. O-O Nxc3 20. bxc3 Nd5 21.
Qb2 Rac8 22. Bd3 cxd4 23. cxd4 Rc7 24. Rc1 Rfc8 25. Rxc7 Rxc7 26. Rc1 1/2-1/2

[Event "26th WSCC 2016 Open 50+"]
[Site "Marianske Lazne, Czech Republic - Hotel Cristal and Continental"]
[Date "2016.11.26"]
[Round "7.77"]
[White "Cesar, Geovanny"]
[Black "Horackova, Isabela"]
[Result "1-0"]
[WhiteElo "1942"]
[BlackElo "1165"]
[PlyCount "67"]
[EventDate "2016.11.19"]

1. d4 d5 2. c4 e6 3. a3 Nf6 4. Nc3 Be7 5. c5 O-O 6. h3 Nc6 7. Bf4 b6 8. b4 bxc5
9. bxc5 Rb8 10. e3 Bd7 11. Nf3 Na5 12. Bd3 Bc6 13. O-O Ne4 14. Bxe4 dxe4 15.
Ne5 Qe8 16. Qc2 f5 17. Rfb1 Rxb1+ 18. Rxb1 Nb7 19. Qb3 Nd8 20. Nxc6 Qxc6 21.
Qb5 a6 22. Qxc6 Nxc6 23. Bxc7 Bd8 24. Bxd8 Nxd8 25. Rb3 a5 26. Nb5 h6 27. Nd6
f4 28. c6 Nf7 29. Nxf7 Rxf7 30. Rb7 Rf8 31. c7 Rc8 32. Rb8 Rxb8 33. cxb8=Q+ Kh7
34. Qxf4 1-0

[Event "26th WSCC 2016 Open 50+"]
[Site "Marianske Lazne, Czech Republic - Hotel Cristal and Continental"]
[Date "2016.11.26"]
[Round "7.79"]
[White "Bauer, Matthias"]
[Black "Koci, Vladimir"]
[Result "1-0"]
[WhiteElo "1688"]
[BlackElo "1636"]
[PlyCount "61"]
[EventDate "2016.11.19"]

1. Nf3 Nf6 2. d4 e6 3. e3 c5 4. Bd3 Nc6 5. c3 Be7 6. Nbd2 cxd4 7. exd4 a6 8.
O-O Qc7 9. Ne4 b6 10. Re1 Bb7 11. Bg5 Nxe4 12. Bxe4 f6 13. Be3 O-O 14. d5 Ne5
15. d6 Nxf3+ 16. Bxf3 Bxf3 17. dxc7 Bxd1 18. Raxd1 d5 19. Bxb6 Kf7 20. c4 Bd6
21. cxd5 e5 22. Rc1 Rfc8 23. Rc6 Ke7 24. Rec1 a5 25. Bc5 Bxc5 26. R1xc5 Kd7 27.
d6 Re8 28. Rb6 Rec8 29. Kf1 Re8 30. Ke2 Re6 31. Rb8 1-0

[Event "26th WSCC 2016 Open 50+"]
[Site "Marianske Lazne, Czech Republic - Hotel Cristal and Continental"]
[Date "2016.11.26"]
[Round "7.80"]
[White "Kabyzhanov, Bulat"]
[Black "Canonne, Antoine"]
[Result "1/2-1/2"]
[WhiteElo "2039"]
[BlackElo "1887"]
[PlyCount "160"]
[EventDate "2016.11.19"]

1. d4 Nc6 2. Bf4 d5 3. h3 Nf6 4. c3 e6 5. Bh2 Bd6 6. f4 Ne4 7. e3 Ne7 8. Nd2
Nxd2 9. Qxd2 Bd7 10. Nf3 f6 11. Bd3 c6 12. O-O Qc7 13. Ne5 Bxe5 14. fxe5 f5 15.
c4 O-O 16. Rac1 Qd8 17. Qb4 b6 18. Kh1 dxc4 19. Bxc4 Nd5 20. Qb3 Qg5 21. Bxd5
cxd5 22. Rc7 Qd8 23. Rfc1 Rf7 24. Qa3 Bb5 25. Qd6 Qe8 26. Rxf7 Qxf7 27. Rc7 Qg6
28. Rxa7 Re8 29. Re7 Rxe7 30. Qxe7 Bf1 31. Qd8+ Kf7 32. Qc7+ Ke8 33. Qc2 Kd7
34. Kg1 Bb5 35. a4 Ba6 36. b4 Bc4 37. Qc3 Qh5 38. Qc2 Qe2 39. Qxe2 Bxe2 40. Bg3
Bd1 41. a5 bxa5 42. bxa5 Kc6 43. Bh4 Kb5 44. Bd8 Ka6 45. h4 h6 46. Kf2 g5 47.
Ke1 Bg4 48. g3 Kb5 49. Kd2 Bh3 50. Bxg5 hxg5 51. hxg5 Bg4 52. g6 Bh5 53. g7 Bf7
54. Ke2 Kxa5 55. Kf3 Kb4 56. Kf4 Kc3 57. Kg5 Kd3 58. Kf6 Bg8 59. Ke7 Kxe3 60.
Kf8 Bh7 61. Kf7 Kxd4 62. Kxe6 Kc4 63. Kf6 d4 64. e6 d3 65. e7 d2 66. e8=Q d1=Q
67. g8=Q+ Bxg8 68. Qxg8+ Kb4 69. Qb8+ Ka3 70. Qa7+ Kb4 71. Qb6+ Kc4 72. Qe6+
Kb4 73. Qb6+ Kc4 74. Qc7+ Kb3 75. Kxf5 Qh5+ 76. Kf4 Qh6+ 77. Ke4 Qh1+ 78. Kf4
Qh6+ 79. Kg4 Qg6+ 80. Kh3 Qh5+ 1/2-1/2

[Event "26th WSCC 2016 Open 50+"]
[Site "Marianske Lazne, Czech Republic - Hotel Cristal and Continental"]
[Date "2016.11.27"]
[Round "8.1"]
[White "Vlassov, Nikolai"]
[Black "Mohr, Georg"]
[Result "1-0"]
[WhiteElo "2415"]
[BlackElo "2461"]
[PlyCount "49"]
[EventDate "2016.11.19"]

1. e4 c5 2. c3 g6 3. d4 cxd4 4. cxd4 d5 5. e5 Bg7 6. Nc3 Nc6 7. h3 Nh6 8. g4 f6
9. exf6 exf6 10. Be3 f5 11. Qd2 Nf7 12. Bg2 O-O 13. Bxd5 fxg4 14. O-O-O Nb4 15.
Bb3 Bf5 16. hxg4 Bxg4 17. Nge2 Bf5 18. Ng3 Nd3+ 19. Kb1 Nxf2+ 20. Nxf5 Nxd1 21.
Qxd1 Kh8 22. Nh4 Qf6 23. Nd5 Qe6 24. Qd3 Kg8 25. Bg5 1-0

[Event "26th WSCC 2016 Open 50+"]
[Site "Marianske Lazne, Czech Republic - Hotel Cristal and Continental"]
[Date "2016.11.27"]
[Round "8.2"]
[White "Reprintsev, Alexander"]
[Black "Arkell, Keith C"]
[Result "1/2-1/2"]
[WhiteElo "2321"]
[BlackElo "2450"]
[PlyCount "87"]
[EventDate "2016.11.19"]

1. e4 c5 2. b3 d6 3. Bb2 Nc6 4. f4 Nf6 5. Qf3 e6 6. Nc3 Nd4 7. Qd3 Bd7 8. Nf3
Nxf3+ 9. gxf3 Nh5 10. O-O-O Nxf4 11. Qe3 e5 12. Rg1 Qa5 13. Bc4 f6 14. Nd5 Nxd5
15. Bxd5 O-O-O 16. Kb1 g5 17. c3 Be7 18. h4 h6 19. Rh1 f5 20. exf5 Bxf5+ 21.
Ka1 Bf6 22. hxg5 hxg5 23. Be4 Be6 24. Bc2 Kb8 25. d4 cxd4 26. cxd4 Bc8 27. Rxh8
Rxh8 28. dxe5 dxe5 29. Re1 Re8 30. Bg6 Re7 31. Be4 Qb6 32. Qxb6 axb6 33. Ba3
Rd7 34. Kb1 Rd8 35. Bb2 Bd7 36. Rh1 Rh8 37. Rd1 Kc7 38. Ba3 b5 39. Bd6+ Kc8 40.
Rc1+ Bc6 41. Bf5+ Kd8 42. Rd1 Rh4 43. Bxe5+ Ke7 44. Bd6+ 1/2-1/2

[Event "26th WSCC 2016 Open 50+"]
[Site "Marianske Lazne, Czech Republic - Hotel Cristal and Continental"]
[Date "2016.11.27"]
[Round "8.3"]
[White "Sturua, Zurab"]
[Black "Berezjuk, Sergej"]
[Result "1-0"]
[WhiteElo "2556"]
[BlackElo "2431"]
[PlyCount "119"]
[EventDate "2016.11.19"]

1. d4 Nf6 2. c4 e6 3. Nc3 d5 4. cxd5 exd5 5. Bg5 c6 6. e3 Be7 7. Bd3 O-O 8. Qc2
Nbd7 9. Nf3 Re8 10. h3 Nf8 11. Bf4 Bd6 12. Bxd6 Qxd6 13. O-O-O b5 14. Kb1 N6d7
15. g4 Nb6 16. Ne2 a5 17. Qc5 Qxc5 18. dxc5 Nc4 19. Ned4 Bd7 20. a4 bxa4 21.
Bxc4 dxc4 22. Rc1 Reb8 23. Rxc4 a3 24. b3 h5 25. Ka2 f6 26. gxh5 Rb4 27. Rhc1
Rab8 28. Kxa3 Be6 29. Rxb4 axb4+ 30. Kb2 Bd5 31. Ne1 Ne6 32. Nd3 Ng5 33. Nf4
Be4 34. Ra1 Re8 35. Ra6 Re5 36. Nxc6 Rxc5 37. Nxb4 Bf5 38. h6 Nxh3 39. Ra8+ Kh7
40. hxg7 Kxg7 41. Nxh3 Bxh3 42. Nd3 Rc6 43. Rd8 Kf7 44. Nb4 Rc5 45. Rd5 Rc8 46.
Nd3 Bf1 47. Nf4 Ke7 48. b4 Rb8 49. Rd4 f5 50. Kb3 Bb5 51. Nd5+ Kf7 52. Nc3 Be8
53. b5 Ke6 54. Kb4 Ra8 55. Nd5 Ra7 56. b6 Ra4+ 57. Kb3 Rxd4 58. Nc7+ Kd7 59.
exd4 Bf7+ 60. d5 1-0

[Event "26th WSCC 2016 Open 50+"]
[Site "Marianske Lazne, Czech Republic - Hotel Cristal and Continental"]
[Date "2016.11.27"]
[Round "8.4"]
[White "Akesson, Ralf"]
[Black "Ivanov, Alexander"]
[Result "1/2-1/2"]
[WhiteElo "2416"]
[BlackElo "2478"]
[PlyCount "33"]
[EventDate "2016.11.19"]

1. d4 Nf6 2. c4 e6 3. g3 Bb4+ 4. Bd2 Be7 5. Bg2 d5 6. Nf3 O-O 7. O-O c6 8. Qc2
Nbd7 9. Bf4 a5 10. Rd1 b5 11. Ne5 Bb7 12. c5 Nxe5 13. Bxe5 Nd7 14. Bf4 g5 15.
Be3 f5 16. f4 g4 17. Nd2 1/2-1/2

[Event "26th WSCC 2016 Open 50+"]
[Site "Marianske Lazne, Czech Republic - Hotel Cristal and Continental"]
[Date "2016.11.27"]
[Round "8.5"]
[White "Bagaturov, Giorgi"]
[Black "Bruno, Fabio"]
[Result "1-0"]
[WhiteElo "2410"]
[BlackElo "2435"]
[PlyCount "131"]
[EventDate "2016.11.19"]

1. d4 Nf6 2. Nf3 e6 3. c4 d5 4. Nc3 c6 5. e3 Nbd7 6. Bd3 dxc4 7. Bxc4 b5 8. Bd3
a6 9. O-O c5 10. Qe2 Bb7 11. Rd1 Qb8 12. Bc2 Be7 13. h3 O-O 14. e4 cxd4 15.
Nxd4 Rd8 16. Bg5 h6 17. Bh4 Bd6 18. Nb3 Be5 19. Na5 g5 20. Bg3 Bxg3 21. fxg3
Qa7+ 22. Qf2 Qxf2+ 23. Kxf2 Rdb8 24. Rd4 Ne5 25. Rad1 Bc6 26. a3 Rc8 27. Na2
Kg7 28. Nb4 Ra7 29. Ke3 Be8 30. Bb3 Kf8 31. Rd8 Rcc7 32. R8d2 Ke7 33. Rc2 Rxc2
34. Bxc2 Rc7 35. Bd3 Bd7 36. Kd4 Nc6+ 37. Naxc6+ Bxc6 38. Nxa6 Rd7+ 39. Ke3
Bxe4 40. Nc5 Rxd3+ 41. Nxd3 Bxg2 42. Ne5 Nd5+ 43. Kf2 Be4 44. Nc6+ Kd6 45. Na7
b4 46. axb4 Bc2 47. Nb5+ Ke7 48. Rd4 f5 49. Na3 Be4 50. b5 Kd6 51. Ra4 Kc5 52.
Rc4+ Kd6 53. Rc6+ Kd7 54. Nc4 Nc7 55. Rd6+ Ke7 56. b6 Na6 57. Rd1 Bd5 58. Ne3
Bb7 59. b3 f4 60. gxf4 gxf4 61. Ng4 h5 62. Ne5 Kf6 63. Nd3 Kf5 64. b4 Bd5 65.
b5 Nb8 66. Nb4 1-0

[Event "26th WSCC 2016 Open 50+"]
[Site "Marianske Lazne, Czech Republic - Hotel Cristal and Continental"]
[Date "2016.11.27"]
[Round "8.6"]
[White "Matamoros Franco, Carlos S"]
[Black "Ginsburg, Mark"]
[Result "1/2-1/2"]
[WhiteElo "2495"]
[BlackElo "2340"]
[PlyCount "107"]
[EventDate "2016.11.19"]

1. Nf3 Nf6 2. c4 c5 3. g3 b6 4. Bg2 Bb7 5. O-O g6 6. Nc3 Bg7 7. d4 cxd4 8. Qxd4
Nc6 9. Qh4 h6 10. Qf4 Rc8 11. Rd1 d6 12. b3 O-O 13. Bb2 Nb4 14. Rab1 Na6 15.
Nb5 g5 16. Qe3 Nc7 17. Nxa7 Ra8 18. Qxb6 Be4 19. Nd2 Bxb1 20. Bxa8 Nd7 21. Qe3
Bxb2 22. Rxb1 Ba3 23. b4 Qxa8 24. Qxa3 Qb7 25. Nb5 Nxb5 26. cxb5 Ra8 27. Qb3
Qxb5 28. Nf3 Nb6 29. Nd4 Qc4 30. Qxc4 Nxc4 31. Rc1 d5 32. Rc2 e6 33. e4 Kf8 34.
exd5 exd5 35. Nf5 Rb8 36. Nxh6 Rxb4 37. Nf5 f6 38. h3 Ne5 39. Rc8+ Kf7 40. Rd8
Ra4 41. Rxd5 Rxa2 42. Rd6 g4 43. hxg4 Nxg4 44. f4 Kg6 45. Nh4+ Kf7 46. Rc6 Rb2
47. Ra6 Rc2 48. Ra3 Rb2 49. Rd3 Ke6 50. Rd1 Ra2 51. Re1+ Kf7 52. Rb1 Rc2 53.
Re1 Ra2 54. Rb1 1/2-1/2

[Event "26th WSCC 2016 Open 50+"]
[Site "Marianske Lazne, Czech Republic - Hotel Cristal and Continental"]
[Date "2016.11.27"]
[Round "8.7"]
[White "Danielsen, Henrik"]
[Black "Petran, Peter"]
[Result "1/2-1/2"]
[WhiteElo "2477"]
[BlackElo "2302"]
[PlyCount "97"]
[EventDate "2016.11.19"]

1. Nf3 g6 2. g3 Bg7 3. Bg2 e5 4. d3 d5 5. O-O Ne7 6. c3 a5 7. a4 h6 8. e4 Be6
9. exd5 Bxd5 10. Re1 Nbc6 11. Na3 O-O 12. Nb5 Qd7 13. Be3 Rad8 14. Qc2 Nf5 15.
Bc5 Rfe8 16. Rad1 b6 17. Be3 Nxe3 18. Rxe3 Be6 19. Nd2 f5 20. Rde1 Bf7 21. f4
exf4 22. gxf4 Rxe3 23. Rxe3 Ne7 24. Nc4 Nd5 25. Bxd5 Qxd5 26. Qe2 Qc5 27. b3
Bxc4 28. bxc4 Re8 29. Kf2 c6 30. d4 Rxe3 31. dxc5 Rxe2+ 32. Kxe2 bxc5 33. Na7
Bxc3 34. Nxc6 Kf7 35. h4 Ke6 36. Kf2 Kd7 37. Na7 Bd2 38. Kg3 g5 39. hxg5 hxg5
40. fxg5 Bxg5 41. Kf2 Bd8 42. Ke3 Bc7 43. Nb5 Bb8 44. Nc3 Ke6 45. Ne2 Be5 46.
Nc1 Bc3 47. Nd3 Bb4 48. Kf3 Kf6 49. Kf4 1/2-1/2

[Event "26th WSCC 2016 Open 50+"]
[Site "Marianske Lazne, Czech Republic - Hotel Cristal and Continental"]
[Date "2016.11.27"]
[Round "8.8"]
[White "Chudinovskikh, Alexander M"]
[Black "Vokac, Marek"]
[Result "1/2-1/2"]
[WhiteElo "2219"]
[BlackElo "2391"]
[PlyCount "37"]
[EventDate "2016.11.19"]

1. d4 Nf6 2. c4 g6 3. Nc3 Bg7 4. e4 O-O 5. e5 Ne8 6. f4 d6 7. Nf3 c5 8. dxc5
Nc6 9. Be2 Bg4 10. cxd6 exd6 11. Be3 Qa5 12. O-O dxe5 13. Nd5 e4 14. Ng5 Bxe2
15. Qxe2 Nd6 16. Rfd1 h6 17. c5 hxg5 18. cxd6 gxf4 19. Bxf4 1/2-1/2

[Event "26th WSCC 2016 Open 50+"]
[Site "Marianske Lazne, Czech Republic - Hotel Cristal and Continental"]
[Date "2016.11.27"]
[Round "8.9"]
[White "Barle, Janez"]
[Black "Chapman, Terry P D"]
[Result "1/2-1/2"]
[WhiteElo "2303"]
[BlackElo "2220"]
[PlyCount "187"]
[EventDate "2016.11.19"]

1. Nc3 d5 2. d4 c6 3. Bf4 Nf6 4. e3 g6 5. Nf3 Bg7 6. h3 O-O 7. Be2 b5 8. O-O a5
9. Bh2 Qb6 10. a3 Rd8 11. Ne5 Ne8 12. Rc1 f6 13. Nd3 Na6 14. b3 Be6 15. a4 b4
16. Nb1 c5 17. c3 bxc3 18. dxc5 Nxc5 19. Nxc5 Qxc5 20. Nxc3 Bf7 21. Bf3 Rac8
22. Ne2 Qb6 23. Rxc8 Rxc8 24. Bxd5 Rd8 25. Bxf7+ Kxf7 26. Qc2 e5 27. Qc4+ Qe6
28. Qxe6+ Kxe6 29. Rb1 Bf8 30. Kf1 Rd3 31. Bg1 f5 32. f4 e4 33. Nd4+ Kd5 34.
Ke2 Bc5 35. Nb5 Kc6 36. Rc1 Nd6 37. Nxd6 Rxd6 38. Rd1 Rxd1 39. Kxd1 Bb4 40. Bf2
Kc5 41. Bh4 Kb6 42. g4 Bc5 43. Ke2 Kc6 44. Bd8 Bb4 45. Bh4 Bc5 46. Be1 Kb6 47.
Kf2 Ka6 48. Bd2 Be7 49. Kg3 Kb6 50. Bc3 Ka6 51. Bd4 Kb7 52. gxf5 gxf5 53. Kf2
Kc6 54. Ke2 Bb4 55. Kd1 Be7 56. Kc2 Bd6 57. Kd1 Be7 58. Ke2 Bd6 59. Kf2 Bb4 60.
Kg3 Be1+ 61. Kg2 Bb4 62. Kf2 Bd2 63. Ke2 Bb4 64. Kd1 Bd6 65. Kc2 Be7 66. Bc3
Kb6 67. Bd4+ Kc6 68. Kc3 Kd5 69. Bb6 Bb4+ 70. Kc2 Kc6 71. Bd8 Kb7 72. Kd1 Kc6
73. Ke2 Kd7 74. Bh4 Bc5 75. Be1 Bb6 76. Kf2 Kc6 77. b4 axb4 78. Bxb4 Kd5 79. a5
Ba7 80. Bd2 Kc4 81. a6 Kd3 82. Ke1 Kc4 83. Bc1 Kb5 84. Kf2 Kxa6 85. Kg3 Kb5 86.
Kh4 Kc4 87. Kg5 Kd3 88. Kxf5 Bxe3 89. Bxe3 Kxe3 90. Kg4 Kd4 91. f5 Ke5 92. f6
Kxf6 93. Kf4 e3 94. Kxe3 1/2-1/2

[Event "26th WSCC 2016 Open 50+"]
[Site "Marianske Lazne, Czech Republic - Hotel Cristal and Continental"]
[Date "2016.11.27"]
[Round "8.10"]
[White "Larsen, Peter"]
[Black "Tunik, Gennady"]
[Result "0-1"]
[WhiteElo "2248"]
[BlackElo "2404"]
[PlyCount "98"]
[EventDate "2016.11.19"]

1. e4 c5 2. Nf3 e6 3. d4 cxd4 4. Nxd4 Nc6 5. Nc3 a6 6. Nxc6 bxc6 7. Bd3 d5 8.
O-O Nf6 9. Re1 Be7 10. e5 Nd7 11. Qg4 Kf8 12. b3 h5 13. Qf3 Kg8 14. Na4 Bb7 15.
c4 c5 16. Bb2 Qc7 17. cxd5 Bxd5 18. Be4 Bxe4 19. Qxe4 Rc8 20. Rad1 h4 21. h3 g6
22. Bc3 Rh5 23. f4 Rf5 24. Qd3 Nf8 25. Qc4 Qc6 26. Re4 Rc7 27. Be1 Rd7 28. Rxd7
Nxd7 29. Nc3 g5 30. Qe2 gxf4 31. Qg4+ Kf8 32. Bxh4 Nxe5 33. Bxe7+ Kxe7 34. Qh4+
Kd7 35. Re1 c4 36. Rd1+ Nd3 37. Qf2 Ke8 38. Qd2 Qb6+ 39. Kh2 Ne5 40. Ne4 Kf8
41. Nd6 Rf6 42. Kh1 f3 43. Ne4 fxg2+ 44. Qxg2 Rg6 45. Qb2 Qe3 46. Rd8+ Ke7 47.
Qa3+ Kxd8 48. Qa5+ Ke8 49. Nd6+ Kd7 0-1

[Event "26th WSCC 2016 Open 50+"]
[Site "Marianske Lazne, Czech Republic - Hotel Cristal and Continental"]
[Date "2016.11.27"]
[Round "8.11"]
[White "Bartsch, Berthold"]
[Black "Haba, Petr"]
[Result "0-1"]
[WhiteElo "2279"]
[BlackElo "2472"]
[PlyCount "106"]
[EventDate "2016.11.19"]

1. e4 c5 2. Nc3 e6 3. g3 Nc6 4. Bg2 g6 5. d3 Bg7 6. Be3 d6 7. Qd2 Rb8 8. f4
Nge7 9. Nf3 O-O 10. O-O Nd4 11. Nh4 b6 12. Nd1 f5 13. c3 Ndc6 14. exf5 gxf5 15.
d4 cxd4 16. cxd4 Na5 17. b3 Bb7 18. Nf3 Nd5 19. Bf2 Nf6 20. Nc3 Bxf3 21. Bxf3
d5 22. Rac1 b5 23. Rc2 a6 24. Rfc1 Nb7 25. Nd1 Nd6 26. Be3 b4 27. Nf2 Nde4 28.
Qe1 Nxf2 29. Qxf2 a5 30. Rc6 Re8 31. Ra6 Ra8 32. Qe2 Ne4 33. Rcc6 Nc3 34. Qd3
Rxa6 35. Qxa6 Qa8 36. Bh5 Qxa6 37. Rxa6 Rb8 38. Rxe6 a4 39. bxa4 Nxa2 40. a5 b3
41. Bd1 b2 42. Bc2 b1=Q+ 43. Bxb1 Rxb1+ 44. Kg2 Rb2+ 45. Kf3 Nc3 46. Rb6 Ra2
47. a6 Ne4 48. g4 Ra3 49. Rb8+ Bf8 50. Rd8 fxg4+ 51. Kxg4 Rxa6 52. f5 Nf6+ 53.
Kf4 Kf7 0-1

[Event "26th WSCC 2016 Open 50+"]
[Site "Marianske Lazne, Czech Republic - Hotel Cristal and Continental"]
[Date "2016.11.27"]
[Round "8.12"]
[White "Meister, Jakob"]
[Black "Stentebjerg-Hansen, Per"]
[Result "1-0"]
[WhiteElo "2444"]
[BlackElo "2262"]
[PlyCount "87"]
[EventDate "2016.11.19"]

1. c4 c6 2. Nf3 d5 3. e3 Nf6 4. b3 Bg4 5. Bb2 e6 6. Be2 Nbd7 7. O-O Bd6 8. h3
Bh5 9. d3 Qe7 10. Nd4 Bxe2 11. Qxe2 a6 12. e4 dxe4 13. dxe4 g6 14. Nxc6 bxc6
15. e5 Nxe5 16. Bxe5 Bxe5 17. Qxe5 O-O 18. Nc3 Rfd8 19. Qa5 Ne8 20. Rad1 Qc7
21. Qg5 f6 22. Qe3 Ng7 23. Ne4 Kf7 24. c5 Rd5 25. Nd6+ Kg8 26. b4 Rb8 27. Qc3
Qe7 28. Ne4 Ne8 29. Rfe1 Rbd8 30. Qb3 Kf7 31. Nc3 R5d7 32. Qa4 Rxd1 33. Nxd1
Qb7 34. Qb3 Nc7 35. Nb2 Rd5 36. Nc4 Qb8 37. Qa4 Rd4 38. Nd6+ Ke7 39. Qxc6 Rxb4
40. g3 Rd4 41. a4 Rb4 42. Re2 a5 43. Rd2 Nd5 44. Nc8+ 1-0

[Event "26th WSCC 2016 Open 50+"]
[Site "Marianske Lazne, Czech Republic - Hotel Cristal and Continental"]
[Date "2016.11.27"]
[Round "8.13"]
[White "Malinin, Vasily B"]
[Black "Kalegin, Evgenij"]
[Result "0-1"]
[WhiteElo "2220"]
[BlackElo "2420"]
[PlyCount "82"]
[EventDate "2016.11.19"]

1. d4 Nf6 2. c4 e6 3. Nc3 Bb4 4. Bg5 c5 5. d5 h6 6. Bh4 b5 7. dxe6 fxe6 8. cxb5
O-O 9. e3 a6 10. Nf3 Qa5 11. Bxf6 Rxf6 12. Qc2 axb5 13. Be2 Nc6 14. O-O Bxc3
15. bxc3 b4 16. c4 Bb7 17. h4 Qc7 18. h5 Ne7 19. Nh2 Nf5 20. Ng4 Rf7 21. Bd3
Raf8 22. f4 d6 23. a3 Ng3 24. Rf2 Qe7 25. Bg6 Qh4 26. Bxf7+ Rxf7 27. Nh2 Rf5
28. Rf3 Rxh5 29. Rxg3 Qxg3 30. Nf1 Qh4 31. Qg6 Qh1+ 32. Kf2 Rh2 33. Qxe6+ Kh8
34. Ke1 Rxg2 35. Qe7 Kh7 36. Rd1 Bf3 37. Rd2 Rxd2 38. Kxd2 Qxf1 39. axb4 cxb4
40. e4 Qd1+ 41. Ke3 Qe2+ 0-1

[Event "26th WSCC 2016 Open 50+"]
[Site "Marianske Lazne, Czech Republic - Hotel Cristal and Continental"]
[Date "2016.11.27"]
[Round "8.14"]
[White "Yuferev, Oleg"]
[Black "Rakhimov, Zinnour K"]
[Result "1/2-1/2"]
[WhiteElo "2239"]
[BlackElo "2398"]
[PlyCount "26"]
[EventDate "2016.11.19"]

1. Nf3 d5 2. d4 c6 3. c4 Nf6 4. Qc2 g6 5. Bf4 Bg7 6. e3 O-O 7. Nc3 Nbd7 8. cxd5
Nxd5 9. Nxd5 cxd5 10. Be2 Nf6 11. O-O Bg4 12. Qb3 Bxf3 13. Bxf3 Qd7 1/2-1/2

[Event "26th WSCC 2016 Open 50+"]
[Site "Marianske Lazne, Czech Republic - Hotel Cristal and Continental"]
[Date "2016.11.27"]
[Round "8.15"]
[White "Konopka, Michal"]
[Black "Yakimenko, Alexander A"]
[Result "1-0"]
[WhiteElo "2396"]
[BlackElo "2240"]
[PlyCount "71"]
[EventDate "2016.11.19"]

1. Nf3 e6 2. c4 f5 3. g3 Nf6 4. Bg2 Be7 5. O-O O-O 6. b3 Ne4 7. Bb2 Bf6 8. d4
d6 9. Nbd2 Nc6 10. e3 Qe8 11. Nxe4 fxe4 12. Nd2 d5 13. f3 exf3 14. Qxf3 dxc4
15. Nxc4 Bd7 16. Qe4 Qh5 17. Ba3 Rfe8 18. Rac1 Kh8 19. Rc2 a5 20. Rcf2 e5 21.
d5 Nb4 22. d6 Bc6 23. Qb1 Bxg2 24. Kxg2 e4 25. dxc7 Qc5 26. Rxf6 gxf6 27. Rxf6
Qxc7 28. Bb2 Kg8 29. Qd1 Qg7 30. Rf4 Rad8 31. Qh5 Nd3 32. Bxg7 Nxf4+ 33. gxf4
Kxg7 34. Qg5+ Kh8 35. Qf6+ Kg8 36. Nd6 1-0